000
00344 a2200169 4500
001
186681
020
_a
978-85-260-1592-0
040
_c
Magnum
100
_a
França, Mary
240
1
0
_a
Bicho-papão
_l
por
245
1
0
_a
Bicho-papão
300
_a
20
362
0
_a
2011
440
1
_a
Global
697
_a
LITERATURA INFANTIL
942
_c
BK
999
_c
186681
_d
186681